00672nam a2200205Ia 4500008004100000020001800041050001300059050001600072245001600088245005600104245003100160260002400191260002900215260000900244300002100253300001100274650005700285999001900342952010500361160319s9999 xx 000 0 und d a9789719518112 a959.9057 b.S235e 2013 aEdsa uno :  bnarrative and annalysis with notes on dos & tres /  cby Angela Stuart-Santiago. aMandaluyong City ;  bPulang Lupa Foundation,  c2013 axv, 448 pages ;  c20 cm. aPhilippines -- History -- Revolution, February 1986. c292388d292388 001040aSSISBbSSISBcFILd2016-03-19l0o.S235e 2013pUS-2035r2016-03-19 00:00:00w2016-03-19yBK